England National Football Team - Statistics

General Stats
  • This quiz has been taken 2,508 times
    1,177 since last reset
  • The average score is 9 of 17
Answer Stats
Goals Caps Player % Correct
78 112 Harry Kane
96%
53 120 Wayne Rooney
94%
29 106 Frank Lampard
82%
21 114 Steven Gerrard
81%
17 115 David Beckham
71%
49 106 Bobby Charlton
68%
30 63 Alan Shearer
66%
0 107 Ashley Cole
62%
40 89 Michael Owen
62%
48 80 Gary Lineker
53%
2 108 Bobby Moore
48%
0 125 Peter Shilton
33%
3 105 Billy Wright
32%
44 57 Jimmy Greaves
17%
30 33 Nat Lofthouse
6%
30 76 Tom Finney
6%
29 23 Vivian Woodward
3%
No matching quizzes found
Score Distribution
Percent of People with Each Score
Percentile by Number Answered
Your Score History
You have not taken this quiz since the last reset